000 00766cam a22002291 4500
001 sa 63004113
003 DLC
005 20260227111946.0
008 880429s1961 pk 000 0 eng
010 _asa 63004113
025 _aPL480:P-E-299
035 _a(OCoLC)17870854
040 _aDLC
_cICRL
_dDLC
050 0 0 _aPE1408
_b.H8 1961
100 1 _aHussain, Badruddin G.
245 1 0 _aEnglish composition for colleges,
_bfor the students of arts, science, and commerce classes.
_cRevised by M.A. Farooqi [and] Syed Zafar Ali Rizvi.
250 _a[2d ed., rev. and enl.]
260 _aKarachi,
_bAlia Pub. House
_c[1961]
300 _a624 p.
_c19 cm.
650 0 _aEnglish language
_xRhetoric.
650 0 _aEnglish language
_xGrammar
_vProblems, exercises, etc.
999 _c55470
_d55470